000 01064nam a22003137a 4500
003 CHAP
005 20220817043108.0
008 971010s1983 r 00010 d
010 _a65517
011 _a66489
035 _a74697
040 _cCHAP
090 _aFolleto 9432
100 0 0 _aMéndez Ramírez, Ignacio.
_976569
245 1 _aMitos y realidades de la bioestadística en la medicina
260 _aMéxico, D. F. :
_bUNAM. Instituto de Investigaciones en Matemáticas Aplicadas y en Sistemas,
_c1983
300 _a23 h
490 _aComunicaciones técnicas. Serie azúl : Monografías
_v; 63
590 _aBATCH-UPD
_b10
_c20130110
_lUCH01
_h1837
590 _aBATCH-UPD
_b10
_c20130410
_lUCH01
_h1208
590 _aBATCH-UPD
_b10
_c20130914
_lUCH01
_h0636
590 _aCONVERSION
_b10
_c20130109
_lUCH01
_h1336
650 1 4 _aBiometría.
_912831
650 1 4 _aMedicina.
_973899
830 0 _aComunicaciones técnicas : Serie azúl : Monografías
_v; 63
901 _aBK
942 _cFOLL
949 _aFolleto 9432
_bBC
_cFOLL
_d-147367
_eTS1
_i74697
_si
999 _c65517
_d65517